000 00863nam a22002177a 4500
005 20170419112620.0
010 _a1617CH-EN
020 _a9780753437131
_c650.00
035 _aB-647111-139
035 _aB-667903
037 _bTechniz/ven
_adpl
082 _aS
100 _aGifford, Clive
245 _aThe kingfisher football encyclopedia /
_cby Clive Gifford
260 _aLondon
_bKingfisher Publications
_c2014
270 _a 20,New Wharf Road,
_bLondon
_eN19RR
300 _a144p.
_c26cm(pbk)
942 _2ddc
_cCH
_mGIF
_hS
999 _c100470
_d100470